000 00298nam a22001337a 4500
008 171107b xxu||||| |||| 00| 0 eng d
020 _a0135030943
041 _aeng
080 _24TH
_a330.322
100 _a63
101 _aINV
245 _aINVESTMENT MANAGEMENT
_cSAUVAIN,H.C
942 _2udc
_cBK
999 _c38120
_d38120